US States and Capital Cities by Second Letter - Statistics

General Stats
  • This quiz has been taken 23 times
  • The average score is 20 of 24
Answer Stats
Hint Answer % Correct
L Alabama | Alaska | Florida | Illinois
95%
R Arizona | Arkansas | Oregon
95%
A Baton Rouge | Carson City | Harrisburg | Hartford | Jackson | Lansing | Madison | Nashville | Raleigh | Sacramento | Saint Paul | Salem | Salt Lake City | Santa Fe | Tallahassee | Washington DC
95%
A California | Hawaii | Kansas | Maine | Maryland | Massachusetts | Washington
95%
O Colorado | Connecticut | Iowa | Louisiana | Montana | North Carolina | North Dakota | South Carolina | South Dakota
95%
E Delaware | Georgia | Kentucky | Nebraska | Nevada | New Hampshire | New Jersey | New Mexico | New York | Pennsylvania | Tennessee | Texas | Vermont | West Virginia
95%
I Michigan | Minnesota | Mississippi | Missouri | Virginia | Wisconsin
95%
H Ohio | Rhode Island
95%
Y Wyoming
95%
O Boise | Boston | Columbia | Columbus | Concord | Dover | Honolulu | Montgomery | Montpelier | Topeka
89%
D Idaho
89%
N Indiana
89%
U Augusta | Austin | Juneau
84%
I Bismarck | Lincoln | Little Rock | Pierre | Richmond
84%
E Denver | Des Moines | Helena | Jefferson City
84%
K Oklahoma
84%
T Utah
84%
N Annapolis | Indianapolis
79%
K Oklahoma City
79%
L Albany | Olympia
74%
H Charleston | Cheyenne | Phoenix
74%
R Frankfort | Providence | Trenton
74%
T Atlanta
68%
P Springfield
47%
No matching quizzes found
Score Distribution
Percent of People with Each Score
Percentile by Number Answered
Your Score History
You have not taken this quiz